Nové poznatky z foliárnej aplikácie hnojiva Lamag BÓR

Bibliographic Details
Main Author: Černý, Ivan, 1964- (Author)
Format: Article
Language:Slovak
PhysicalDescription:Graf, tab.
ISSN:1335-2466
Subjects:

MARC

LEADER 00000nab a2200000 a 4500
001 vtls000808476
003 SK-MaSNL
005 20260305000824.0
008 250429c2002 xo 0 slo
015 |a SNBRB2002/10-30926 
035 |a CLN000160131 
035 |a urn:nbn:sk:snk-abokd 
035 |a (urnnbn)urn:nbn:sk:snk:ar-a04en0 
035 |a (uuid)ca90f72a-e904-43af-9896-6a52f035f647 
040 |a SNKBUCL  |b slo  |c SNKBUCL  |e AACR2 
041 0 |a slo 
044 |a xo  |c SK 
080 |a 631.81.095.337:546.27:631.816  |2 1997 
080 |a 631.816  |2 1997 
100 1 |a Černý, Ivan,  |d 1964-  |4 aut  |9 188616 
245 1 0 |a Nové poznatky z foliárnej aplikácie hnojiva Lamag BÓR  |c Ivan Černý 
300 |b Graf, tab. 
650 0 7 |a Lamag BÓR (hnojivo)  |x aplikácia foliárna  |2 snkbucl  |9 1575709 
650 0 7 |a rastliny  |x výživa  |x mikroelementy  |2 snkbucl  |9 1575710 
650 0 7 |a stopové prvky  |2 snkbucl  |9 29124 
650 0 7 |a bór  |2 snkbucl  |9 23671 
655 7 |a články z novín a časopisov  |2 snkbucl  |9 267496 
773 0 |t Naše pole  |g Roč. 6, č. 7 (2002), s. 26  |x 1335-2466 
850 |a Slovenská národná knižnica 
852 |a Slovenská národná knižnica 
954 |a odborná, vedecká literatúra pôvodná (slovenská)  |2 lita 
958 |a article27 
958 |a OND 
958 |a EUIPO 
992 |a RBX 
999 |c 3215749  |d 3217679